Responding to our changing climate (Record no. 106530)

MARC details
000 -LEADER
fixed length control field 01417cam a2200229 4500
001 - CONTROL NUMBER
control field L136892
008 - FIXED-LENGTH DATA ELEMENTS--GENERAL INFORMATION
fixed length control field 070228n2007 000 0 eng u
020 ## - INTERNATIONAL STANDARD BOOK NUMBER
International Standard Book Number 0750489618
035 ## - SYSTEM CONTROL NUMBER
System control number (Sirsi) u136892
041 0# - LANGUAGE CODE
Language code of text/sound track or separate title eng
050 ## - LIBRARY OF CONGRESS CALL NUMBER
Classification number 696.9 $2 18
110 2# - MAIN ENTRY--CORPORATE NAME
Corporate name or jurisdiction name as entry element Wales
Subordinate unit Welsh Assembly Government
245 00 - TITLE STATEMENT
Title Responding to our changing climate
Remainder of title consultation on a climate change adaptation action plan for Wales
Medium [electronic resource]
260 ## - PUBLICATION, DISTRIBUTION, ETC.
Place of publication, distribution, etc. Cardiff
Name of publisher, distributor, etc. WAG
Date of publication, distribution, etc. 2007
505 2# - FORMATTED CONTENTS NOTE
Formatted contents note Dealing with climate change impacts - this consultation -- What is climate change and what impact will it have on us? -- The role of the Climate Change Adaptation Action Plan -- Climate change impacts -- What are the key issues for each sector? -- Responding to climate change impacts -- Measuring success.
520 ## - SUMMARY, ETC.
Summary, etc. Sets out what impact climate change will have on Wales and begins to identify the key actions required in response. Under three broad themes, outlines the impacts that we can expect as a result of climate change, which sectors they will effect and what is being done about them already.
590 ## - LOCAL NOTE (RLIN)
Local note KA
651 #4 - SUBJECT ADDED ENTRY--GEOGRAPHIC NAME
Geographic name Wales
Chronological subdivision 1998-2007
690 ## - LOCAL SUBJECT ADDED ENTRY--TOPICAL TERM (OCLC, RLIN)
Topical term or geographic name as entry element ENVIRONMENTAL AND LAND CONSULTANCY-ENVIRONMENTAL MANAGEMENT-ENVIRONMENTAL CONSERVATION
856 ## - ELECTRONIC LOCATION AND ACCESS
Uniform Resource Identifier <a href="https://new.wales.gov.uk/consultation/662235/1502-270407climatechange?lang=en">https://new.wales.gov.uk/consultation/662235/1502-270407climatechange?lang=en</a>
Public note View the report free of charge at http://new.wales.gov.uk...
942 ## - ADDED ENTRY ELEMENTS (KOHA)
Suppress in OPAC 0
Holdings
Withdrawn status Lost status Source of classification or shelving scheme Damaged status Not for loan Home library Current library Shelving location Date acquired Total Checkouts Full call number Barcode Date last seen Copy number Price effective from Koha item type
    Dewey Decimal Classification     Virtual Virtual Online 28/02/2007   ONLINE PUBLICATION 136892-1001 06/08/2019 1 06/08/2019 Book